| 000 | 00955nam a2200229Ia 4500 | ||
|---|---|---|---|
| 999 |
_c39576 _d39576 |
||
| 001 | 6175 | ||
| 003 | GE_BSU | ||
| 005 | 20191202120512.0 | ||
| 008 | 181216s1956||||ge |||||||||||||| ||geo|| | ||
| 040 | _cGE_BSU | ||
| 041 | _ageo | ||
| 080 | _a821.353.1-1 გ-22 | ||
| 100 |
_aგაფრინდაშვილი, ვალერიან. _95651 |
||
| 245 |
_aრჩეული : _bლექსები / _cვალერიან გაფრინდაშვილი ; რედ. რ. ორჯონიკიძე ; მხატვ. ი. ჯანაშვილი. |
||
| 264 |
_aთბილისი : _bსახელგამი, _c1956. |
||
| 300 | _a243გვ; 20სმ. | ||
| 653 | _aლექსები | ||
| 653 | _aრჩეული | ||
| 700 |
_aორჯონიკიძე, რ. _eრედაქტორი _95652 |
||
| 700 |
_aჯანაშვილი, ი. _eმხატვარი _95653 |
||
| 942 |
_cBK _2udc |
||